[Event "Oberliga Ost B 2023 2024"]
[Site "?"]
[Date "2024.01.13"]
[Round "4.1"]
[Board "1"]
[White "Bethke, Richard"]
[Black "Sadzikowski, Daniel"]
[Result "1/2-1/2"]
[WhiteElo "2354"]
[BlackElo "2497"]
[PlyCount "38"]
[EventDate "2023.10.22"]
[EventType "team-tourn"]
[EventCountry "GER"]
[WhiteTeam "Neuberg SF"]
[BlackTeam "Heusenstamm SC"]
[WhiteTeamCountry "GER"]
[BlackTeamCountry "GER"]

1. e4 e5 2. Nf3 Nc6 3. Bc4 Nf6 4. d3 Be7 5. O-O O-O 6. Re1 d6 7. a4 a5 8. c3 Be6 9. Na3 Bxc4 10. Nxc4 h6 11. Bd2 Re8 12. Rb1 Bf8 13. b4 b6 14. Qb3 Qd7 15. b5 Nd8 16. Rbd1 Nb7 17. Bc1 Nc5 18. Qc2 Qe6 19. Ba3 Ncd7 1/2-1/2

[Event "Oberliga Ost B 2023 2024"]
[Site "?"]
[Date "2024.01.13"]
[Round "4.1"]
[Board "2"]
[White "Poetsch, Hagen"]
[Black "Kuenstler, Christian"]
[Result "1-0"]
[WhiteElo "2471"]
[BlackElo "2281"]
[PlyCount "51"]
[EventDate "2023.10.22"]
[EventType "team-tourn"]
[EventCountry "GER"]
[WhiteTeam "Heusenstamm SC"]
[BlackTeam "Neuberg SF"]
[WhiteTeamCountry "GER"]
[BlackTeamCountry "GER"]

1. e4 e5 2. Nf3 Nc6 3. Nc3 Nf6 4. Bb5 Bb4 5. O-O O-O 6. d3 d6 7. Ne2 Ne7 8. c3 Ba5 9. Ng3 c6 10. Ba4 Ng6 11. d4 h6 12. h3 Re8 13. Bc2 Be6 14. Be3 Bc7 15. Qd2 Nh7 16. d5 cxd5 17. exd5 Bd7 18. c4 Nh4 19. Nxh4 Qxh4 20. c5 e4 21. Bf4 g5 22. Bxd6 Bxd6 23. cxd6 f5 24. Qd4 Kf7 25. Ba4 b5 26. Bxb5 1-0

[Event "Oberliga Ost B 2023 2024"]
[Site "?"]
[Date "2024.01.13"]
[Round "4.1"]
[Board "3"]
[White "Wahedi, Ahmad Siar"]
[Black "Solonar, Stefan"]
[Result "1/2-1/2"]
[WhiteElo "2264"]
[BlackElo "2272"]
[PlyCount "169"]
[EventDate "2023.10.22"]
[EventType "team-tourn"]
[EventCountry "GER"]
[WhiteTeam "Neuberg SF"]
[BlackTeam "Heusenstamm SC"]
[WhiteTeamCountry "GER"]
[BlackTeamCountry "GER"]

1. d4 Nf6 2. Nf3 d6 3. e3 Bg4 4. c4 Nbd7 5. Be2 e5 6. h3 Bh5 7. Nc3 c6 8. b4 e4 9. Nd2 Bxe2 10. Qxe2 d5 11. Rb1 Bd6 12. a4 O-O 13. O-O Re8 14. b5 Nf8 15. bxc6 bxc6 16. cxd5 cxd5 17. Nb5 Bb8 18. Bb2 a6 19. Nc3 Qd6 20. g3 h5 21. Rfc1 h4 22. Nf1 hxg3 23. fxg3 Ne6 24. h4 g5 25. Qf2 Kg7 26. Qf5 gxh4 27. gxh4 Rh8 28. Rc2 Rh6 29. h5 Bc7 30. Rg2+ Kh8 31. Bc1 Ba5 32. Ne2 Nxh5 33. Rb7 Bc7 34. Rh2 Rg8+ 35. Kf2 Rgg6 36. Rxh5 Rxh5 37. Qxh5+ Kg7 38. Bd2 Rh6 39. Qg4+ Rg6 40. Qh5 Rh6 41. Qg4+ Rg6 42. Qh4 Bd8 43. Qh2 Qc6 44. Rb8 Rh6 45. Qe5+ Bf6 46. Qg3+ Ng5 47. Nf4 Qd7 48. Bb4 Kh7 49. Bf8 Nf3 50. Bxh6 Bh4 51. Qxh4 Nxh4 52. Bg5 Qc7 53. Rd8 Qc2+ 54. Ne2 Nf3 55. Rxd5 Qc6 56. Ra5 Nxg5 57. Nfg3 Qh6 58. Rc5 Qh2+ 59. Kf1 Qh3+ 60. Kf2 Qg4 61. Rf5 Kg7 62. d5 Kf8 63. d6 Ke8 64. Nd4 Qh4 65. Re5+ Ne6 66. Rxe4 Qh2+ 67. Kf3 Kd7 68. Nxe6 fxe6 69. Rd4 e5 70. Rd5 Qh3 71. e4 Qh8 72. Rd3 Qh4 73. Rd5 Qf4+ 74. Kg2 Qc1 75. a5 Qf4 76. Rd3 Qg4 77. Kf2 Qf4+ 78. Ke2 Qc1 79. Nf1 Qc5 80. Nd2 Qxa5 81. Rd5 Qc3 82. Nf3 Qc2+ 83. Ke3 Qc3+ 84. Ke2 Qc2+ 85. Ke3 1/2-1/2

[Event "Oberliga Ost B 2023 2024"]
[Site "?"]
[Date "2024.01.13"]
[Round "4.1"]
[Board "4"]
[White "Klundt, Klaus"]
[Black "Lutz, Klaus Juergen"]
[Result "1-0"]
[WhiteElo "2270"]
[BlackElo "2247"]
[PlyCount "117"]
[EventDate "2023.10.22"]
[EventType "team-tourn"]
[EventCountry "GER"]
[WhiteTeam "Heusenstamm SC"]
[BlackTeam "Neuberg SF"]
[WhiteTeamCountry "GER"]
[BlackTeamCountry "GER"]

1. e4 c5 2. Nf3 d6 3. d4 cxd4 4. Nxd4 Nf6 5. Nc3 g6 6. Be3 Bg7 7. f3 O-O 8. Qd2 Nc6 9. O-O-O d5 10. exd5 Nxd5 11. Nxc6 bxc6 12. Bd4 e5 13. Bc5 Re8 14. Bc4 Be6 15. Ne4 h6 16. Rhe1 Qc7 17. Bb3 a5 18. Bd6 Qd8 19. Ba3 a4 20. Bc4 f5 21. Nc5 Bf7 22. Nb7 Qh4 23. Nd6 Red8 24. g3 Qf6 25. Nxf7 Qxf7 26. Re3 Kh7 27. Rd3 e4 28. fxe4 fxe4 29. Bxd5 cxd5 30. Rxd5 e3 31. Qd3 Rxd5 32. Qxd5 Qa7 33. Bc5 Qb8 34. Bd4 Ra7 35. Re1 a3 36. b3 Re7 37. Bxg7 Rxg7 38. Rxe3 Qf8 39. Qe5 Rd7 40. Qe8 Qg7 41. c3 Rf7 42. b4 Qf6 43. Kc2 Qf2+ 44. Re2 Qf5+ 45. Qe4 Qb5 46. Qe8 Qf5+ 47. Qe4 Qb5 48. Kb3 Ra7 49. c4 Qa4+ 50. Kc3 Qd1 51. b5 Qa1+ 52. Kb4 Qd1 53. Qc2 Qd6+ 54. Kb3 Qf6 55. Qe4 Qd6 56. Qd5 Qb6 57. Re8 h5 58. Qg8+ Kh6 59. Qf8+ 1-0

[Event "Oberliga Ost B 2023 2024"]
[Site "?"]
[Date "2024.01.13"]
[Round "4.1"]
[Board "5"]
[White "Schaffer, Hendrik"]
[Black "Paszewski, Mateusz"]
[Result "1/2-1/2"]
[WhiteElo "2236"]
[BlackElo "2286"]
[PlyCount "38"]
[EventDate "2023.10.22"]
[EventType "team-tourn"]
[EventCountry "GER"]
[WhiteTeam "Neuberg SF"]
[BlackTeam "Heusenstamm SC"]
[WhiteTeamCountry "GER"]
[BlackTeamCountry "GER"]

1. d4 Nf6 2. c4 e6 3. Nf3 d5 4. Nc3 c6 5. e3 Nbd7 6. Bd3 dxc4 7. Bxc4 b5 8. Bd3 Bd6 9. O-O O-O 10. Ne4 Nxe4 11. Bxe4 Bb7 12. Qc2 h6 13. b3 Rc8 14. Bb2 Nf6 15. Bd3 c5 16. Qe2 a6 17. dxc5 Bxc5 18. Rfd1 Qe7 19. a4 Bd5 1/2-1/2

[Event "Oberliga Ost B 2023 2024"]
[Site "?"]
[Date "2024.01.13"]
[Round "4.1"]
[Board "6"]
[White "Roeschlau, Bernd"]
[Black "Seifert, Christopher"]
[Result "0-1"]
[WhiteElo "2212"]
[BlackElo "2323"]
[PlyCount "84"]
[EventDate "2023.10.22"]
[EventType "team-tourn"]
[EventCountry "GER"]
[WhiteTeam "Heusenstamm SC"]
[BlackTeam "Neuberg SF"]
[WhiteTeamCountry "GER"]
[BlackTeamCountry "GER"]

1. d4 Nf6 2. c4 c6 3. Nf3 g6 4. Nc3 d5 5. cxd5 Nxd5 6. e4 Nxc3 7. bxc3 Bg7 8. h4 Qa5 9. h5 gxh5 10. Bd2 Bg4 11. e5 Nd7 12. Be2 Qd5 13. c4 Qe4 14. Be3 c5 15. Bd3 Qc6 16. Qc2 Bxf3 17. d5 Bxd5 18. cxd5 Qxd5 19. Rxh5 Nxe5 20. Bb5+ Kf8 21. Be2 Qxg2 22. O-O-O Qg6 23. Rf5 c4 24. f4 Nd3+ 25. Bxd3 cxd3 26. Qxd3 Qc6+ 27. Rc5 Qe8 28. Qc2 h5 29. Rc7 Rh6 30. Bc5 Rc6 31. Rdd7 Rxc7 32. Rxc7 Kg8 33. Bxe7 Qb5 34. Qg2 Qf5 35. Qxb7 Qxf4+ 36. Kc2 Qf5+ 37. Kb3 Re8 38. Qxa7 Qf3+ 39. Kb4 Qe4+ 40. Kb5 Ra8 41. Qb7 Qa4+ 42. Kc5 Ra5+ 0-1

[Event "Oberliga Ost B 2023 2024"]
[Site "?"]
[Date "2024.01.13"]
[Round "4.1"]
[Board "7"]
[White "Overbeck, Thorsten"]
[Black "Prudlo, Simon"]
[Result "1/2-1/2"]
[WhiteElo "2279"]
[BlackElo "2139"]
[PlyCount "62"]
[EventDate "2023.10.22"]
[EventType "team-tourn"]
[EventCountry "GER"]
[WhiteTeam "Neuberg SF"]
[BlackTeam "Heusenstamm SC"]
[WhiteTeamCountry "GER"]
[BlackTeamCountry "GER"]

1. d4 Nf6 2. c4 g6 3. Nc3 Bg7 4. e4 O-O 5. Nf3 d6 6. Be2 e5 7. O-O exd4 8. Nxd4 Nc6 9. Be3 Re8 10. f3 Nxd4 11. Bxd4 a6 12. Qd2 Bd7 13. Rfd1 Rb8 14. Ba7 Rc8 15. Bf2 Be6 16. Rac1 Qe7 17. Rc2 Red8 18. Bh4 c6 19. Bg5 b5 20. cxb5 axb5 21. b4 Qf8 22. f4 h6 23. Bh4 Rd7 24. Bd3 d5 25. e5 Ne4 26. Qe1 Qxb4 27. Nxe4 Qxe1+ 28. Rxe1 dxe4 29. Bxb5 Bxa2 30. Bxc6 Bd5 31. Ba4 Rdc7 1/2-1/2

[Event "Oberliga Ost B 2023 2024"]
[Site "?"]
[Date "2024.01.13"]
[Round "4.1"]
[Board "8"]
[White "Senatov, Boris"]
[Black "Drill, Frank"]
[Result "0-1"]
[WhiteElo "1790"]
[BlackElo "2004"]
[PlyCount "98"]
[EventDate "2023.10.22"]
[EventType "team-tourn"]
[EventCountry "GER"]
[WhiteTeam "Heusenstamm SC"]
[BlackTeam "Neuberg SF"]
[WhiteTeamCountry "GER"]
[BlackTeamCountry "GER"]

1. e4 Nc6 2. Nf3 d5 3. exd5 Qxd5 4. Nc3 Qa5 5. Bc4 Bg4 6. h3 Bh5 7. g4 Bg6 8. h4 h5 9. g5 O-O-O 10. d3 e6 11. Bd2 Qf5 12. Qe2 Bd6 13. Ne4 Bf4 14. O-O-O Bxd2+ 15. Rxd2 Nge7 16. Re1 Qa5 17. Nc3 Bf5 18. Ne5 Nd4 19. Qe3 Rhf8 20. Ne2 Nec6 21. Nxc6 Nxc6 22. Ng3 g6 23. Ne4 Bxe4 24. Qxe4 Rd4 25. Qf3 Nd8 26. Re4 Rd6 27. Rde2 Re8 28. Re5 Qb6 29. R2e4 a6 30. a3 Re7 31. Qf6 Nc6 32. Re3 Kd7 33. R5e4 Qa5 34. Kb1 Qd2 35. Re1 Nd4 36. c3 Qc2+ 37. Ka2 Nb5 38. R4e2 Qa4 39. Bb3 Qxh4 40. a4 Na7 41. d4 c6 42. Re4 Qh3 43. c4 b6 44. a5 c5 45. axb6 Nc6 46. dxc5 Nb4+ 47. Kb1 Qd3+ 48. Ka1 Qxb3 49. R4e3 Qa2# 0-1

[Event "Oberliga Ost B 2023 2024"]
[Site "?"]
[Date "2024.01.13"]
[Round "4.2"]
[Board "1"]
[White "Konopka, Michal"]
[Black "Womacka, Mathias"]
[Result "1/2-1/2"]
[WhiteElo "2346"]
[BlackElo "2357"]
[PlyCount "155"]
[EventDate "2023.10.22"]
[EventType "team-tourn"]
[EventCountry "GER"]
[WhiteTeam "Schoeneck SF"]
[BlackTeam "Hofheim SV II"]
[WhiteTeamCountry "GER"]
[BlackTeamCountry "GER"]

1. d4 Nf6 2. Nf3 e6 3. g3 c5 4. Bg2 cxd4 5. Nxd4 Qb6 6. O-O Nc6 7. Nb3 d5 8. Be3 Qc7 9. Nc3 Be7 10. Nb5 Qd8 11. c4 O-O 12. Rc1 a6 13. N5d4 Ne5 14. cxd5 Nxd5 15. Nf5 Nxe3 16. Qxd8 Bxd8 17. Nxe3 a5 18. Rfd1 a4 19. Nc5 Bb6 20. Nc4 Bxc5 21. Nxe5 Ra5 22. Nc4 Rb5 23. Rc2 e5 24. Nxe5 Bxf2+ 25. Kxf2 Rxe5 26. Rd5 Rxd5 27. Bxd5 Be6 28. Bxe6 fxe6+ 29. Ke3 Rf1 30. Rc8+ Kf7 31. Rc7+ Kf6 32. Rxb7 h5 33. Rb4 Rb1 34. Kd3 g5 35. Kc3 Rc1+ 36. Kd2 Rb1 37. Kc2 Re1 38. Kd2 Rb1 39. Ke3 Kf5 40. h3 g4 41. hxg4+ hxg4 42. Rf4+ Kg5 43. Rb4 Kf5 44. Rf4+ Kg5 45. Rxa4 Rxb2 46. Ra5+ Kf6 47. a3 Ra2 48. a4 e5 49. Ra8 Kf5 50. a5 Ra3+ 51. Kf2 Ke4 52. a6 Ra1 53. a7 Ra2 54. Rg8 Rxa7 55. Rxg4+ Kf5 56. Rh4 Ra3 57. Rh5+ Ke4 58. Rh8 Kf5 59. Rf8+ Kg4 60. Rf3 Ra1 61. Rb3 Kf5 62. Rb4 Ra3 63. g4+ Kg5 64. e3 Ra1 65. Kf3 Rg1 66. Rb8 Kf6 67. Rf8+ Ke6 68. Rg8 Kf7 69. Rg5 Kf6 70. Rf5+ Ke6 71. Rg5 Kf6 72. Rh5 Ke6 73. Rh6+ Kf7 74. Rh4 Kg6 75. Ke4 Rg3 76. Rh8 Rxg4+ 77. Kxe5 Kf7 78. e4 1/2-1/2

[Event "Oberliga Ost B 2023 2024"]
[Site "?"]
[Date "2024.01.13"]
[Round "4.2"]
[Board "2"]
[White "Zude, Erik"]
[Black "Nazarenus, Moritz"]
[Result "1-0"]
[WhiteElo "2382"]
[BlackElo "2263"]
[PlyCount "79"]
[EventDate "2023.10.22"]
[EventType "team-tourn"]
[EventCountry "GER"]
[WhiteTeam "Hofheim SV II"]
[BlackTeam "Schoeneck SF"]
[WhiteTeamCountry "GER"]
[BlackTeamCountry "GER"]

1. c4 e5 2. Nc3 Nc6 3. Nf3 Nf6 4. g3 g6 5. Bg2 Bg7 6. O-O O-O 7. d3 d6 8. b3 Nd4 9. Nd2 c6 10. e3 Ne6 11. b4 a6 12. Qb3 h5 13. Nf3 Re8 14. Bd2 Nh7 15. Rae1 Bd7 16. e4 a5 17. b5 Nc5 18. Qb1 Bg4 19. h3 Bxf3 20. Bxf3 Ng5 21. Bg2 Nge6 22. Be3 a4 23. Rc1 Kh7 24. Qc2 Qa5 25. Rb1 Nd4 26. Bxd4 exd4 27. Ne2 a3 28. bxc6 bxc6 29. e5 dxe5 30. Bxc6 e4 31. Nf4 Bh6 32. Nd5 exd3 33. Qd1 Re2 34. Rb5 Qa4 35. Bxa8 Qc2 36. Nb4 Qxc4 37. Rxc5 Qxc5 38. Nxd3 Qc2 39. Bd5 Kg7 40. Bb3 1-0

[Event "Oberliga Ost B 2023 2024"]
[Site "?"]
[Date "2024.01.13"]
[Round "4.2"]
[Board "3"]
[White "Heinatz, Thomas"]
[Black "Weber, Ulrich"]
[Result "1-0"]
[WhiteElo "2247"]
[BlackElo "2331"]
[PlyCount "101"]
[EventDate "2023.10.22"]
[EventType "team-tourn"]
[EventCountry "GER"]
[WhiteTeam "Schoeneck SF"]
[BlackTeam "Hofheim SV II"]
[WhiteTeamCountry "GER"]
[BlackTeamCountry "GER"]

1. e4 c5 2. Nc3 a6 3. f4 b5 4. Nf3 Bb7 5. d3 e6 6. g3 Nf6 7. Bg2 d6 8. O-O Be7 9. h3 Nc6 10. Bd2 Qb6 11. Qe2 Rc8 12. Qf2 O-O 13. Rac1 Nd7 14. Kh1 Rce8 15. Nd1 d5 16. exd5 exd5 17. Ne3 Nd8 18. Nf5 Bf6 19. c3 Ne6 20. g4 d4 21. g5 dxc3 22. bxc3 Bd8 23. N3h4 Bc7 24. Rce1 Kh8 25. Be4 g6 26. Nh6 f5 27. gxf6 Nxf6 28. Bxb7 Qxb7+ 29. Qf3 Qxf3+ 30. Rxf3 Nh5 31. f5 gxf5 32. N4xf5 Neg7 33. Rxe8 Nxe8 34. Be3 Neg7 35. Kg2 Nxf5 36. Nxf5 Be5 37. Bxc5 Rg8+ 38. Kf2 Bxc3 39. d4 b4 40. Bd6 h6 41. Be5+ Kh7 42. Ne7 Rg5 43. Rf7+ Ng7 44. Bf6 Rg6 45. Nxg6 Kxg6 46. Rxg7+ Kxf6 47. Rg4 a5 48. Ke3 a4 49. Kd3 h5 50. Re4 Kf5 51. Re5+ 1-0

[Event "Oberliga Ost B 2023 2024"]
[Site "?"]
[Date "2024.01.13"]
[Round "4.2"]
[Board "6"]
[White "Brendel, Oliver"]
[Black "Meyer, Kai Christian"]
[Result "1-0"]
[WhiteElo "2282"]
[BlackElo "2187"]
[PlyCount "49"]
[EventDate "2023.10.22"]
[EventType "team-tourn"]
[EventCountry "GER"]
[WhiteTeam "Hofheim SV II"]
[BlackTeam "Schoeneck SF"]
[WhiteTeamCountry "GER"]
[BlackTeamCountry "GER"]

1. c4 g6 2. Nc3 Bg7 3. g3 e5 4. Bg2 Nc6 5. e4 Nge7 6. Nge2 O-O 7. O-O f5 8. d3 d6 9. Nd5 h6 10. Be3 g5 11. f4 gxf4 12. gxf4 fxe4 13. Nxe7+ Qxe7 14. Bxe4 Bf5 15. Bxf5 Rxf5 16. Ng3 Rxf4 17. Bxf4 exf4 18. Ne4 Qh4 19. Kh1 Bd4 20. Qf3 Rf8 21. Rg1+ Bxg1 22. Rxg1+ Kh8 23. Qg2 Qe7 24. Qh3 Qh7 25. Nf6 1-0

[Event "Oberliga Ost B 2023 2024"]
[Site "?"]
[Date "2024.01.13"]
[Round "4.2"]
[Board "8"]
[White "Waffenschmidt, Joachim"]
[Black "Mueller, Achim"]
[Result "1-0"]
[WhiteElo "1964"]
[BlackElo "2100"]
[PlyCount "75"]
[EventDate "2023.10.22"]
[EventType "team-tourn"]
[EventCountry "GER"]
[WhiteTeam "Hofheim SV II"]
[BlackTeam "Schoeneck SF"]
[WhiteTeamCountry "GER"]
[BlackTeamCountry "GER"]

1. d4 Nf6 2. c4 g6 3. Nc3 Bg7 4. e4 d6 5. Nf3 O-O 6. Be2 e5 7. Be3 Ng4 8. Bg5 f6 9. Bc1 Nd7 10. O-O c6 11. h3 Nh6 12. Be3 Nf7 13. dxe5 dxe5 14. Qc2 Qe7 15. Rad1 Nc5 16. a3 Be6 17. b4 Nd7 18. Na4 Rfd8 19. Nc5 Nxc5 20. Bxc5 Qc7 21. Nd2 b6 22. Be3 f5 23. f3 f4 24. Bf2 Bf8 25. c5 b5 26. Nb3 h5 27. Na5 g5 28. Qc3 Re8 29. Rd2 Bh6 30. Rfd1 Rac8 31. a4 a6 32. axb5 axb5 33. Rd6 Nxd6 34. Rxd6 Qg7 35. Nxc6 Bd7 36. Nxe5 Qe7 37. Rxh6 Qxe5 38. Bd4 1-0

[Event "Oberliga Ost B 2023 2024"]
[Site "?"]
[Date "2024.01.13"]
[Round "4.3"]
[Board "1"]
[White "Kunin, Vitaly"]
[Black "Brueggemann, Joachim"]
[Result "1-0"]
[WhiteElo "2521"]
[BlackElo "2280"]
[PlyCount "65"]
[EventDate "2023.10.22"]
[EventType "team-tourn"]
[EventCountry "GER"]
[WhiteTeam "Moerlenbach Birkenau Freibauer"]
[BlackTeam "Erfurter SK II"]
[WhiteTeamCountry "GER"]
[BlackTeamCountry "GER"]

1. d4 Nf6 2. c4 e6 3. Bf4 Bb4+ 4. Nd2 Nc6 5. Ngf3 d6 6. a3 Bxd2+ 7. Qxd2 a5 8. b3 Qe7 9. Qb2 O-O 10. e3 Re8 11. Be2 e5 12. Bg5 h6 13. Bxf6 Qxf6 14. d5 Nb8 15. O-O Bf5 16. Nd2 Qg6 17. f3 Na6 18. e4 Bd7 19. Qc3 Nc5 20. b4 Bh3 21. Rf2 axb4 22. axb4 Rxa1+ 23. Qxa1 Na6 24. c5 dxc5 25. Bxa6 bxa6 26. bxc5 Qg5 27. Qxa6 Rb8 28. Qa3 Rb5 29. f4 exf4 30. Qxh3 Rxc5 31. Qa3 Rb5 32. Qa8+ Kh7 33. Qe8 1-0

[Event "Oberliga Ost B 2023 2024"]
[Site "?"]
[Date "2024.01.13"]
[Round "4.3"]
[Board "2"]
[White "Engers, Felix"]
[Black "Galdunts, Sergey"]
[Result "1/2-1/2"]
[WhiteElo "2201"]
[BlackElo "2390"]
[PlyCount "71"]
[EventDate "2023.10.22"]
[EventType "team-tourn"]
[EventCountry "GER"]
[WhiteTeam "Erfurter SK II"]
[BlackTeam "Moerlenbach Birkenau Freibauer"]
[WhiteTeamCountry "GER"]
[BlackTeamCountry "GER"]

1. c4 e6 2. Nf3 Nf6 3. e3 b6 4. Nc3 Bb7 5. Be2 Bb4 6. Qc2 O-O 7. a3 Be7 8. O-O c5 9. d4 cxd4 10. Nxd4 d6 11. b3 Nbd7 12. Rd1 Qc7 13. Ndb5 Qb8 14. a4 a6 15. Nd4 Qc7 16. Ba3 Nc5 17. Bb4 a5 18. Ba3 Rac8 19. Ncb5 Qb8 20. Bf3 d5 21. cxd5 Nxd5 22. Qa2 Rfd8 23. Rac1 Bf8 24. Rd2 g6 25. Rcd1 Bg7 26. Ne2 Be5 27. h3 Na6 28. Bb2 Bxb2 29. Qxb2 Nc5 30. e4 Nb4 31. Qf6 Rxd2 32. Rxd2 Ncd3 33. Qd4 Nc5 34. Qf6 Ncd3 35. Qd4 Nc5 36. Qf6 1/2-1/2

[Event "Oberliga Ost B 2023 2024"]
[Site "?"]
[Date "2024.01.13"]
[Round "4.3"]
[Board "3"]
[White "Legde, Georg"]
[Black "Kosev, Momchil"]
[Result "1/2-1/2"]
[WhiteElo "2288"]
[BlackElo "1900"]
[PlyCount "83"]
[EventDate "2023.10.22"]
[EventType "team-tourn"]
[EventCountry "GER"]
[WhiteTeam "Moerlenbach Birkenau Freibauer"]
[BlackTeam "Erfurter SK II"]
[WhiteTeamCountry "GER"]
[BlackTeamCountry "GER"]

1. Nf3 d5 2. g3 c5 3. Bg2 Nc6 4. d4 e6 5. O-O cxd4 6. Nxd4 Bc5 7. Nb3 Bb6 8. c4 Nge7 9. cxd5 exd5 10. Nc3 O-O 11. Bf4 d4 12. Nb5 Be6 13. Rc1 Bd5 14. Bh3 a6 15. N5xd4 Nxd4 16. Nxd4 Bxa2 17. Nf3 Qxd1 18. Rfxd1 Rfd8 19. Rxd8+ Bxd8 20. Ne5 Bd5 21. Rd1 Bc7 22. Ng6 hxg6 23. Bxc7 Bc6 24. Ba5 Re8 25. Rd2 Nf5 26. Bb6 Re5 27. f4 Rb5 28. Bf2 Rd5 29. Rxd5 Bxd5 30. Bc5 Nh6 31. Kf2 f5 32. Ke3 Kf7 33. Kd4 Bc6 34. e3 Bf3 35. Bf1 Ng4 36. Bc4+ Kf6 37. Bd6 Nxh2 38. Be5+ Ke7 39. Bxg7 Ng4 40. Bd3 Nf2 41. Bh6 Nxd3 42. Kxd3 1/2-1/2

[Event "Oberliga Ost B 2023 2024"]
[Site "?"]
[Date "2024.01.13"]
[Round "4.3"]
[Board "4"]
[White "Seinsoth, Paul"]
[Black "Boehmer, Christian"]
[Result "1-0"]
[WhiteElo "1792"]
[BlackElo "2160"]
[PlyCount "71"]
[EventDate "2023.10.22"]
[EventType "team-tourn"]
[EventCountry "GER"]
[WhiteTeam "Erfurter SK II"]
[BlackTeam "Moerlenbach Birkenau Freibauer"]
[WhiteTeamCountry "GER"]
[BlackTeamCountry "GER"]

1. e4 c5 2. Nf3 e6 3. d4 cxd4 4. Nxd4 Nc6 5. Nc3 Qc7 6. Be3 a6 7. Qd3 Bd6 8. O-O-O Be5 9. Nxc6 bxc6 10. Bd4 Nf6 11. Bxe5 Qxe5 12. Qg3 Qxg3 13. hxg3 d5 14. exd5 cxd5 15. f3 O-O 16. Rh4 g5 17. Rhd4 Kg7 18. g4 Bb7 19. Ne2 h5 20. gxh5 Nxh5 21. g4 Nf6 22. Ng3 Rh8 23. Re1 Nd7 24. Nh5+ Kf8 25. f4 gxf4 26. Rxf4 Nc5 27. Be2 Ne4 28. Bd3 Rd8 29. Bxe4 dxe4 30. Ref1 f5 31. Ng3 e3 32. gxf5 e5 33. Rg4 Bf3 34. Rxf3 Rh1+ 35. Nxh1 e2 36. Rg1 1-0

[Event "Oberliga Ost B 2023 2024"]
[Site "?"]
[Date "2024.01.13"]
[Round "4.3"]
[Board "5"]
[White "Wrede, Michael"]
[Black "Krueger, Rainer"]
[Result "1-0"]
[WhiteElo "2171"]
[BlackElo "2121"]
[PlyCount "47"]
[EventDate "2023.10.22"]
[EventType "team-tourn"]
[EventCountry "GER"]
[WhiteTeam "Moerlenbach Birkenau Freibauer"]
[BlackTeam "Erfurter SK II"]
[WhiteTeamCountry "GER"]
[BlackTeamCountry "GER"]

1. d4 Nf6 2. Bg5 g6 3. Bxf6 exf6 4. e3 Bg7 5. c4 O-O 6. Nc3 b6 7. h4 d6 8. h5 Bb7 9. hxg6 fxg6 10. Qg4 Qe7 11. Bd3 f5 12. Qh3 Bh8 13. Nge2 c5 14. O-O-O cxd4 15. Nxd4 Bxd4 16. exd4 Nc6 17. Bc2 Rac8 18. Kb1 Rf7 19. Nd5 Qg5 20. f4 Qd8 21. g4 fxg4 22. Qxg4 Ne7 23. Qe6 Nxd5 24. Bxg6 1-0

[Event "Oberliga Ost B 2023 2024"]
[Site "?"]
[Date "2024.01.13"]
[Round "4.3"]
[Board "6"]
[White "Terhorst, Jochen"]
[Black "Schneider, Heiko"]
[Result "1-0"]
[WhiteElo "2129"]
[BlackElo "2151"]
[PlyCount "67"]
[EventDate "2023.10.22"]
[EventType "team-tourn"]
[EventCountry "GER"]
[WhiteTeam "Erfurter SK II"]
[BlackTeam "Moerlenbach Birkenau Freibauer"]
[WhiteTeamCountry "GER"]
[BlackTeamCountry "GER"]

1. e4 c5 2. Nf3 d6 3. Bb5+ Nd7 4. d4 cxd4 5. Qxd4 a6 6. Bxd7+ Bxd7 7. O-O Nf6 8. Bg5 h6 9. Bh4 g5 10. Bg3 e5 11. Qd3 Bc6 12. Nc3 Qc7 13. a4 Be7 14. Qe2 Rc8 15. h4 Nh5 16. Kh2 Nf4 17. Bxf4 gxf4 18. g3 Bd7 19. Ne1 h5 20. gxf4 exf4 21. Rg1 Bxh4 22. Nd5 Qc5 23. Rg2 Bg4 24. f3 Bg3+ 25. Kh1 Bh3 26. Rg1 Qc4 27. Qd2 Bg4 28. Ra3 Rc6 29. Rc3 Qxa4 30. Rxg3 fxg3 31. Qg5 f6 32. Qg6+ Kd7 33. Qg7+ Ke6 34. Qe7# 1-0

[Event "Oberliga Ost B 2023 2024"]
[Site "?"]
[Date "2024.01.13"]
[Round "4.3"]
[Board "7"]
[White "Klings, Peter"]
[Black "Zitzelsberger, Philipp"]
[Result "1/2-1/2"]
[WhiteElo "1993"]
[BlackElo "1969"]
[PlyCount "70"]
[EventDate "2023.10.22"]
[EventType "team-tourn"]
[EventCountry "GER"]
[WhiteTeam "Moerlenbach Birkenau Freibauer"]
[BlackTeam "Erfurter SK II"]
[WhiteTeamCountry "GER"]
[BlackTeamCountry "GER"]

1. Nf3 d5 2. g3 Nf6 3. Bg2 c5 4. O-O Nc6 5. d4 e6 6. c4 dxc4 7. Qa4 Bd7 8. dxc5 Bxc5 9. Qxc4 Qb6 10. Nc3 Qb4 11. Qd3 Rd8 12. a3 Qg4 13. Bf4 O-O 14. b4 Bb6 15. h3 Qg6 16. Qxg6 hxg6 17. Rfd1 Bc8 18. Bd6 Rfe8 19. e3 a6 20. Na4 Ba7 21. Ne5 Rxd6 22. Rxd6 Nxe5 23. Rc1 Bb8 24. Rdd1 Ned7 25. g4 g5 26. Rc2 b5 27. Rdc1 bxa4 28. Rxc8 Nb6 29. Rxe8+ Nxe8 30. Rc6 Bc7 31. Bf1 Kf8 32. Bxa6 Ke7 33. Rc5 Nd5 34. Bb5 Bd6 35. Rc8 Nec7 1/2-1/2

[Event "Oberliga Ost B 2023 2024"]
[Site "?"]
[Date "2024.01.13"]
[Round "4.3"]
[Board "8"]
[White "Ruether, Rudolf"]
[Black "Wohlfart, Paulus"]
[Result "1/2-1/2"]
[WhiteElo "2064"]
[BlackElo "2108"]
[PlyCount "50"]
[EventDate "2023.10.22"]
[EventType "team-tourn"]
[EventCountry "GER"]
[WhiteTeam "Erfurter SK II"]
[BlackTeam "Moerlenbach Birkenau Freibauer"]
[WhiteTeamCountry "GER"]
[BlackTeamCountry "GER"]

1. d4 d5 2. Nf3 a6 3. g3 Bf5 4. Bg2 e6 5. O-O Nf6 6. b3 h6 7. Bb2 Be7 8. c4 O-O 9. Nc3 c6 10. e3 Nbd7 11. Qe2 Bh7 12. Rfd1 b5 13. cxb5 cxb5 14. Ne5 Rc8 15. a3 Qb6 16. Nxd7 Nxd7 17. e4 dxe4 18. Bxe4 Bxe4 19. Nxe4 Nf6 20. Nxf6+ Bxf6 21. d5 exd5 22. Rxd5 Rfe8 23. Qd2 Rcd8 24. Bxf6 Qxf6 25. Rd1 Rxd5 1/2-1/2

[Event "Oberliga Ost B 2023 2024"]
[Site "?"]
[Date "2024.01.13"]
[Round "4.4"]
[Board "1"]
[White "Mazurek, Robert"]
[Black "Humburg, Philipp"]
[Result "0-1"]
[WhiteElo "2243"]
[BlackElo "2241"]
[PlyCount "148"]
[EventDate "2023.10.22"]
[EventType "team-tourn"]
[EventCountry "GER"]
[WhiteTeam "Gernsheim SK"]
[BlackTeam "Marburg SK"]
[WhiteTeamCountry "GER"]
[BlackTeamCountry "GER"]

1. d4 d5 2. c4 c6 3. cxd5 cxd5 4. Nc3 Nf6 5. Nf3 Nc6 6. Bf4 a6 7. e3 Bf5 8. Bd3 Bxd3 9. Qxd3 e6 10. O-O Bd6 11. Bxd6 Qxd6 12. h3 O-O 13. Rac1 Rac8 14. a3 b5 15. e4 dxe4 16. Nxe4 Nxe4 17. Qxe4 h6 18. b4 Rc7 19. Rc5 Ne7 20. Rfc1 Rd7 21. Ne5 Qxd4 22. Qxd4 Rxd4 23. Rc7 Rd5 24. Rxe7 Rxe5 25. Ra7 Rd8 26. Rxa6 Rd2 27. Ra7 Rf5 28. Rf1 g5 29. Rc7 Kg7 30. Rc3 Kg6 31. f3 Re5 32. f4 Ree2 33. Rg3 f5 34. Rff3 Kf6 35. fxg5+ hxg5 36. Re3 Rd1+ 37. Kh2 Ra2 38. Rd3 Rb1 39. Rb3 Rxb3 40. Rxb3 f4 41. Kg1 Kf5 42. Rc3 e5 43. Rc5 Rxa3 44. Rxb5 Rb3 45. Ra5 Rxb4 46. Ra2 Rb5 47. Kf2 e4 48. Ra8 Rb2+ 49. Kf1 Ke5 50. Ra4 Kd5 51. Kg1 Rb1+ 52. Kf2 Rb2+ 53. Kf1 Rc2 54. Ra1 Kd4 55. Rd1+ Ke3 56. Re1+ Kd3 57. Rd1+ Rd2 58. Ra1 Rb2 59. Rd1+ Ke3 60. Re1+ Kd4 61. Ra1 Ke5 62. Ra5+ Kf6 63. Ra8 Rb1+ 64. Ke2 Rb2+ 65. Kf1 e3 66. Re8 Kf5 67. Rf8+ Ke4 68. Ra8 Rb1+ 69. Ke2 Rg1 70. Ra4+ Kf5 71. Ra5+ Kg6 72. Ra6+ Kh5 73. Kf3 Rf1+ 74. Ke4 e2 0-1